| 000 | 00574nam a2200157 a 4500 | ||
|---|---|---|---|
| 008 | 120416s0000 ||||||||||||||||| || u | ||
| 020 | _a0861875060 | ||
| 050 | _aDS 526.7 Mac | ||
| 100 | _aMcCloud, Donald G | ||
| 245 | 1 | 0 | _aSystem and process in Southern Asia |
| 246 | _athe evolution of a region | ||
| 260 |
_aBoulder, Colorado _bWestview Press _c1986 |
||
| 300 | _avii, 315p. | ||
| 350 | _a0.00 | ||
| 995 |
_D0.00 _FCBU-MAIN LIBRARY (Kitwe) _H1 _I25.00 _M1 _UAVAILABLE _WJul 21, 2006 _ZMain Library Open Access Collection |
||
| 999 |
_c59303 _d59303 |
||